[Event "Mecklenburg VP U12"]
[Site "Malchow"]
[Date "2016.02.08"]
[Round "6.10"]
[White "David, Philipp"]
[Black "Karberg, Theo"]
[Result "1/2-1/2"]
[WhiteElo "959"]
[BlackElo "787"]
[PlyCount "40"]
[EventDate "2016.02.02"]
[EventType "swiss"]
[EventRounds "7"]
[EventCountry "GER"]
[SourceTitle "EXT 2024"]
[Source "ChessBase"]
[SourceDate "2023.10.10"]
[SourceVersion "1"]
[SourceVersionDate "2023.10.10"]
[SourceQuality "1"]

1. e4 e5 2. Nf3 Nc6 3. Nc3 Nf6 4. Bc4 Bb4 5. Ng5 0-0 6. 0-0 d6 7. d3 Bg4 8. Qd2 Nxe4 9. dxe4 h6 10. Bxf7+ Kh8 11. Ne6 Qf6 12. Nxf8 Qxf7 13. f3 Bh5 14. a3 Bc5+ 15. Kh1 Rxf8 16. f4 exf4 17. Rxf4 Qe7 18. b4 Bd4 19. Rxf8+ Qxf8 20. Bb2 Ne5 1/2-1/2